000 00806cam a2200265 4500
008 030922n2003 000 0 eng u
020 _a1856044629
035 _a(Sirsi) u123678
041 _aeng
050 _a001.64044
_c18
245 _aImplementing digital reference services
_bsetting standards and making it real
260 _aLondon
_bFacet
_c2003
300 _axv, 232p.
_c28cm
350 _a45
650 _aDIGITAL DATA SOURCES
650 _aLIBRARY INFORMATION SERVICE
650 _aREFERENCE SERVICES
650 _aREFERENCE MATERIAL
690 _aMANAGEMENT-BUSINESS MANAGEMENT-INFORMATION MANAGEMENT
700 _aLankes, David R.
_xEditor
700 _aMcClure, Charles R.
_xEditor
700 _aGross, Melissa
_xEditor
700 _aPomerantz, Jeffrey
_xEditor
942 _n0
999 _c103089
_d103089